000 00949nam a22003017a 4500
001 BR9501082
003 BR-BrBNA
005 20230928094428.0
007 ta
008 230509b bl.||||| |||| 00| 0 por d
040 _aBR-BrBNA
_bpor
_cBiblioteca Nacional de Agricultura
041 _a(Por)
072 _aF30; L01
_b0945
_b7600
090 _ 0945 BR9501082
100 1 _aMendonca, G.A. de
110 1 _aEscola Superior de Agricultura Luiz de Queiroz, Piracicaba, SP (Brasil)
_0Tese (Mestre em Ciencias)
245 1 _aUtilizacao de hibridos de amoreira na producao de casulos do bicho-da-seda (Bombyx mori L.)
260 3 _aPiracicaba, SP (Brasil):
_c1994.
300 _ap. 59
500 _a6 tables; Summaries (Eng, Por); Bibliography p. 49-57 (72 ref.)
650 _aAmora
650 _aBicho da Seda
650 _aHibrido
650 _aCasulo
650 _aSericicultura
909 _a202309
_bLucia
_c55
_dLucia Elande
942 _cBK
999 _c50683
_d50683